• 首页
  • 本馆介绍
  • 公告通知
  • 最新文献
  • 馆藏检索
  • 电子资源
  • 读者导购
  • 参考咨询
  • 我的图书馆
  • 登录
  • 详细信息显示
  • 放入我的书架
  • 预约/预借图书
  • 作者相关作品
  • 分类相关作品
  • 丛书相关作品
  • 出版社相关作品

书目信息

  • 表格格式
  • 工作单格式
  • 卡片格式
题名:
心理语言学与外语教学实践
    
 
作者: 王倩 著
分册:  
出版信息: 北京   九州出版社  2018
页数: 156页
开本: 21cm
丛书名:
单 册:
中图分类: H0-05 , H09
科图分类:
主题词: 心理语言学--Xin Li Yu Yan Xue--关系--外语教学--研究
电子资源:
ISBN: 978-7-5108-6032-4
000 00920cam0 2200265 450
001 012001007629
005 20131021100046.0
010    @a978-7-5108-6032-4@dCNY29.80
099    @aCAL 012018187883
100    @a20181205d2018 ekmy0chiy50 ea
101 0  @achi
102    @aCN@b110000
105    @aa a 000yy
106    @ar
200 1  @a心理语言学与外语教学实践@AXin Li Yu Yan Xue Yu Wai Yu Jiao Xue Shi Jian@f王倩著
210    @a北京@c九州出版社@d2018
215    @a156页@c图@d21cm
320    @a有书目 (第155-156页)
330    @a本书系统地阐述了心理语言学的相关内容,共分四章,内容包括:心理语言学研究与外语教学的关系,心理认知理论的主要流派,语言感知与外语教学,句子、语段的理解与外语教学。
606 0  @a心理语言学@AXin Li Yu Yan Xue@x关系@x外语教学@x研究
690    @aH0-05@v5
690    @aH09@v5
701  0 @a王倩@AWang Qian@4著
801  0 @aCN@b上海新华@c20191020
905    @b1180073-6@dH0-05@e285@f4
    
    心理语言学与外语教学实践/王倩著.-北京:九州出版社,2018
    156页:图;21cm
    
    
    ISBN 978-7-5108-6032-4:CNY29.80
    本书系统地阐述了心理语言学的相关内容,共分四章,内容包括:心理语言学研究与外语教学的关系,心理认知理论的主要流派,语言感知与外语教学,句子、语段的理解与外语教学。
●
相关链接 在E读中查询图书 在五车中查询图书 在当当中查询图书 在豆瓣中查询图书


正题名:心理语言学与外语教学实践     索取号:H0-05/285         预约/预借

序号 登录号 条形码 馆藏地/架位号 状态 备注
1 1180073   211800737   第二样本阅览室/ [索取号:H0-05/285] 在馆    
2 1180074   211800746   第四借阅区/ [索取号:H0-05/285] 在馆    
3 1180075   211800755   第四借阅区/ [索取号:H0-05/285] 在馆    
4 1180076   211800764   第四借阅区/ [索取号:H0-05/285] 在馆    
唐山师范学院图书馆 欢迎您!
大连网信软件有限公司© 版权所有